X-1 ÇÖP KAFALI ÇOCUK (Record no. 589066)

MARC details
000 -LEADER
sabit uzunluktaki kontrol alanı 00273nam a2200109Ia 4500
001 - KONTROL NUMARASI
kontrol alanı 589066
005 - EN SON İŞLEMİN TARİH VE ZAMANI
kontrol alanı 20250717120842.0
008 - SABİT-UZUNLUKTA VERİ ÖĞELERİ--GENEL BİLGİ
sabit uzunluktaki kontrol alanı 250717s9999 xx 000 0 und d
245 #0 - ESER / YAZAR
ESER ADI X-1 ÇÖP KAFALI ÇOCUK
Yazar Adı AYTÜL AKAL
260 ## - YAYIN, DAĞITIM, VB.
YAYIN EVİ UÇANBALIK YAYINLARI
Yayın, dağıtım tarihi, vb. 2018
300 ## - FİZİKSEL AÇIKLAMA
Diğer fiziksel ayrıntılar 16

No items available.